| Tag |
First Indicator |
Second Indicator |
Subfields |
| LEADER |
00000cam a2200000 4500 |
| 001 |
in00000040011 |
| 005 |
20151007070456.0 |
| 008 |
790713s1959 gw a 00000 ger |
| 010 |
|
|
|a 60026387
|
| 035 |
|
|
|a (OCoLC)05165528
|
| 035 |
|
|
|9 AAE4093AM
|
| 040 |
|
|
|a DLC
|c SMI
|d TXA
|d UtOrBLW
|
| 049 |
|
|
|a TXAM
|c [327424]
|
| 050 |
|
0 |
|a QE392
|b .S44 1959
|
| 092 |
|
|
|a 553.8
|b S345e, 1959
|
| 100 |
1 |
|
|a Schlossmacher, Karl,
|d 1887-
|
| 245 |
1 |
0 |
|a Edelsteine und Perlen.
|
| 250 |
|
|
|a 2., stark erweiterte Aufl.
|
| 264 |
|
1 |
|a Stuttgart :
|b E. Schweizerbart,
|c 1959.
|
| 300 |
|
|
|a 340 pages :
|b illustrations ;
|c 25 cm.
|
| 336 |
|
|
|a text
|b txt
|2 rdacontent
|
| 337 |
|
|
|a unmediated
|b n
|2 rdamedia
|
| 338 |
|
|
|a volume
|b nc
|2 rdacarrier
|
| 650 |
|
0 |
|a Precious stones.
|
| 650 |
|
0 |
|a Pearls.
|
| 999 |
|
|
|a MARS
|
| 999 |
f |
f |
|s 87dd9a0c-bf7b-30eb-a371-01739bd76c80
|i 8b071a38-8fd1-355d-ac57-dadecd11cf5b
|t 0
|
| 952 |
f |
f |
|p ric
|a Texas A&M University
|b Rellis Campus
|c Joint Library Facility
|d Remote Storage
|t 0
|e QE392 .S44 1959
|h Library of Congress classification
|i unmediated -- volume
|m A14800959379
|
| 998 |
f |
f |
|a QE392 .S44 1959
|t 0
|l Remote Storage
|